|
|
|
|
| LEADER |
00000nam0a2200000 4500 |
| 001 |
348036 |
| 005 |
20231102010050.0 |
| 010 |
|
|
|a 9785970608920
|
| 035 |
|
|
|a (RuTPU)RU\TPU\book\379996
|
| 090 |
|
|
|a 348036
|
| 100 |
|
|
|a 20221011d km y0rusy50 ca
|
| 101 |
1 |
|
|a rus
|c jpn
|
| 102 |
|
|
|a RU
|
| 105 |
|
|
|a a z 000zy
|
| 200 |
1 |
|
|a Геодезия
|e пер. с яп.
|f Н. Курихара, Я. Сато
|g пер. А. С. Слащева ; худож. Х. Ёсино
|
| 210 |
|
|
|a Москва
|c ДМК Пресс
|d 2021
|
| 215 |
|
|
|a 256 с.
|c ил.
|
| 225 |
1 |
|
|a Занимательная манга
|
| 330 |
|
|
|a Перед 18-летним Исааком, принцем Сиберии, стоит нелегкая задача: построить замок и восстановить легендарную страну своих предков. А поскольку за обучение принца взялся знаменитый профессор Гогенхайм, успех гарантирован! Вместе с героями манги читатель изучит основные принципы геодезической съемки, узнает, как измерять расстояние на местности при помощи рулетки, как работать с теодолитом, что такое нивелирование и как устранять погрешности при измерениях. Часть материала представлена в удобном табличном формате, который упрощает понимание расчетов. Издание предназначено для студентов, изучающих геодезию в вузах, а также всех, кто интересуется географией, картографией и строительством.
|
| 606 |
1 |
|
|a Геодезия
|2 stltpush
|3 (RuTPU)RU\TPU\subj\6015
|9 33982
|
| 610 |
1 |
|
|a геодезическая съемка
|
| 610 |
1 |
|
|a теодолиты
|
| 610 |
1 |
|
|a нивелирование
|
| 610 |
1 |
|
|a измерения
|
| 610 |
1 |
|
|a ориентирование
|
| 610 |
1 |
|
|a азимуты
|
| 610 |
1 |
|
|a манга
|
| 675 |
|
|
|a 528
|v 4
|
| 700 |
|
0 |
|a Курихара
|b Н.
|g Норихико
|
| 701 |
|
1 |
|a Сато
|b Я.
|g Ясуо
|
| 702 |
|
1 |
|a Слащева
|b А. С.
|4 730
|
| 702 |
|
1 |
|a Ёсино
|b Х.
|g Харука
|4 040
|
| 801 |
|
1 |
|a RU
|b 63413507
|c 20221011
|
| 801 |
|
2 |
|a RU
|b 63413507
|c 20221202
|g RCR
|
| 942 |
|
|
|c BK
|
| 959 |
|
|
|a 17/20221011
|d 1
|e 899,00
|f ЧЗТЛ:1
|